LIBRARY & INFORMATION CENTRE, KCAET, TAVANUR

ONLINE PUBLIC ACCESS CATALOGUE (OPAC)

Essentials of food science / (Record no. 13747)

MARC details
000 -LEADER
fixed length control field 00494cam a2200193 a 4500
020 ## - INTERNATIONAL STANDARD BOOK NUMBER
ISBN 9780387699394 (pbk. : alk. paper)
082 ## - DEWEY DECIMAL CLASSIFICATION NUMBER
Classification number 664
Item number VAL/ES
100 1# - MAIN ENTRY--AUTHOR NAME
Personal name Vaclavik, Vickie.
245 10 - TITLE STATEMENT
Title Essentials of food science /
250 ## - EDITION STATEMENT
Edition statement 3rd ed.
260 ## - PUBLICATION, DISTRIBUTION, ETC. (IMPRINT)
Place of publication New York, NY :
Name of publisher Springer,
Year of publication c2008.
300 ## - PHYSICAL DESCRIPTION
Number of Pages xvii, 571 p. :
Other physical details ill. ;
490 0# - SERIES STATEMENT
Series statement Food science text series
650 #0 - SUBJECT ADDED ENTRY--TOPICAL TERM
Topical Term Food
650 #0 - SUBJECT ADDED ENTRY--TOPICAL TERM
Topical Term Food
650 #0 - SUBJECT ADDED ENTRY--TOPICAL TERM
Topical Term Nutrition.
700 1# - ADDED ENTRY--PERSONAL NAME
Personal name Christian, Elizabeth W.
942 ## - ADDED ENTRY ELEMENTS (KOHA)
Koha item type Books
Holdings
Withdrawn status Lost status Damaged status Collection code Home library Current library Shelving location Date acquired Source of acquisition Cost, normal purchase price Full call number Accession Number Koha item type
      Reference KAUAET KAUAET General Stacks 31/03/2012 International Books & Periodicals Supply Service, Delhi 3849.00 664 VAL/ES 23487 Books
free website counter